| 000 | 00610cam a2200229 4500 | ||
|---|---|---|---|
| 001 | J3165 | ||
| 008 | 090401t1970 xxu||||| |||| 00| 0 eng d | ||
| 035 | _a(Sirsi) u53488 | ||
| 041 | _aeng | ||
| 050 | _a333.32 | ||
| 110 |
_aEngland and Wales _bLaw Commission _93302 |
||
| 245 | _aFirst programme: item IX: transfer of land: land registration (first paper). | ||
| 260 |
_aLondon _bLaw Commission _c1970 |
||
| 300 | _ai,58p. ; 30cm. | ||
| 350 | _a0 | ||
| 490 |
_aWorking Paper _v32 |
||
| 650 | _aLAND REGISTRATION | ||
| 650 | _aTRANSFER OF LAND | ||
| 690 | _aLAND | ||
| 942 | _n0 | ||
| 948 | _c04/03/1997 | ||
| 999 |
_c93278 _d93278 |
||